000 00662nam a2200205 4500
001 109787
003 ES-MaACL
005 20230906184918.0
007 t|
008 061121s1965 sp r ||||1| spa d
100 1 _aMuñoyerro, José Luis.
_984285
245 1 0 _aPasos sobre el fuego /
_cJosé Luis Muñoyerro; portada e ilustraciones de Marichu de Urreta.
260 _aPamplona :
_bGómez,
_c1965.
300 _a120 p. ;
_c20 cm.
490 1 _aPeregrinos vascos a Compostela ;
_v11
700 1 _aUrreta, Marichu.
_9112231
830 0 _aPeregrinos vascos a Compostela ;
_v11
_9232990
852 _aES-MaACL
_jC-27889
_bR.57110
999 _c109787
_d109787